De la Trova Provenzal al Barroco hispanico : (Registro nro. 24152)

Detalles MARC
000 -LEADER
fixed length control field 00705nam a22002177a 4500
003 - CONTROL NUMBER IDENTIFIER
control field DO-CoUTE
005 - DATE AND TIME OF LATEST TRANSACTION
control field 20260429143729.0
008 - FIXED-LENGTH DATA ELEMENTS--GENERAL INFORMATION
fixed length control field 260429b dr ||||| |||| 00| 0 spa d
020 ## - INTERNATIONAL STANDARD BOOK NUMBER
International Standard Book Number 1-59388-054-5
040 ## - CATALOGING SOURCE
Original cataloging agency DO-CoUTE
Language of cataloging spa
Transcribing agency DO-CoUTE
082 ## - DEWEY DECIMAL CLASSIFICATION NUMBER
Classification number 863.44Z22P
100 1# - MAIN ENTRY--PERSONAL NAME
Personal name Zaldivar, Gladys
Relator term Autor
245 10 - TITLE STATEMENT
Title De la Trova Provenzal al Barroco hispanico :
Remainder of title La poesía de Gladys Zaldivar /
Statement of responsibility, etc. Gladys Zaldivar, Luis A. Jiménez
260 ## - PUBLICATION, DISTRIBUTION, ETC.
Place of publication, distribution, etc. Miami ;
Name of publisher, distributor, etc. Universal
Date of publication, distribution, etc. 2005
300 ## - PHYSICAL DESCRIPTION
Extent 253 Paginas ;
Dimensions 23cm,
504 ## - BIBLIOGRAPHY, ETC. NOTE
Bibliography, etc. note Incluye referencia bibliográfica e índice.<br/>
650 #4 - SUBJECT ADDED ENTRY--TOPICAL TERM
Topical term or geographic name entry element Poesia
700 1# - ADDED ENTRY--PERSONAL NAME
Personal name Gladys Zladivar
Relator term Autor
700 1# - ADDED ENTRY--PERSONAL NAME
Personal name Luis A. Jiménez
Relator term Autor
942 ## - ADDED ENTRY ELEMENTS (KOHA)
Source of classification or shelving scheme Dewey Decimal Classification
Koha item type Libros
Existencias
Withdrawn status Lost status Source of classification or shelving scheme Damaged status Not for loan Collection code Home library Current library Shelving location Date acquired Inventory number Total Checkouts Full call number Barcode Date last seen Copy number Price effective from Koha item type
    Dewey Decimal Classification     Colección General Biblioteca UTECO Biblioteca UTECO En Estantería 04/29/2026 023623   863.44Z22P 023623 04/29/2026 Ej.1 04/29/2026 Libros
© 2021 Derechos Reservados UTECO - Teléfono: +1 809-585-2291 - Correo electrónico: biblioteca@uteco.edu.do​  
Código postal 43000 ​​
Dirección: Avenida Universitaria No. 100, 
Cotuí, Provincia Sánchez Ramírez, República Dominicana - RNC: 404-00059-6